<?xml version="1.0" encoding="UTF-8"?><?xml-stylesheet type="text/xsl" href="static/style.xsl"?><OAI-PMH xmlns="http://www.openarchives.org/OAI/2.0/" xmlns:xsi="http://www.w3.org/2001/XMLSchema-instance" xsi:schemaLocation="http://www.openarchives.org/OAI/2.0/ http://www.openarchives.org/OAI/2.0/OAI-PMH.xsd"><responseDate>2026-04-27T21:43:39Z</responseDate><request verb="GetRecord" identifier="oai:uvadoc.uva.es:10324/6513" metadataPrefix="marc">https://uvadoc.uva.es/oai/request</request><GetRecord><record><header><identifier>oai:uvadoc.uva.es:10324/6513</identifier><datestamp>2025-02-19T07:47:38Z</datestamp><setSpec>com_10324_30605</setSpec><setSpec>com_10324_894</setSpec><setSpec>col_10324_41</setSpec></header><metadata><record xmlns="http://www.loc.gov/MARC21/slim" xmlns:doc="http://www.lyncode.com/xoai" xmlns:xsi="http://www.w3.org/2001/XMLSchema-instance" xmlns:dcterms="http://purl.org/dc/terms/" xsi:schemaLocation="http://www.loc.gov/MARC21/slim http://www.loc.gov/standards/marcxml/schema/MARC21slim.xsd">
<leader>00925njm 22002777a 4500</leader>
<datafield tag="042" ind1=" " ind2=" ">
<subfield code="a">dc</subfield>
</datafield>
<datafield tag="720" ind1=" " ind2=" ">
<subfield code="a">Bazán, Héctor Guillermo</subfield>
<subfield code="e">author</subfield>
</datafield>
<datafield tag="260" ind1=" " ind2=" ">
<subfield code="c">2014</subfield>
</datafield>
<datafield tag="520" ind1=" " ind2=" ">
<subfield code="a">Este trabajo de investigación se centra en el análisis de las relaciones e interdependencias entre la Interpretación del Patrimonio como herramienta de comunicación y gestión de sitios patrimoniales, las formas sostenibles de turismo en espacios naturales y el patrimonio geomorfológico como recurso educativo y turístico.&#xd;
La metodología desarrollada permitió reflexionar en torno a la contribución de la Interpretación del Patrimonio en la educación y el geoturismo, como así también, constituyó una ayuda de valor para aportar luz en conceptos que poseen fronteras difusas entre sí, como el ecoturismo, geoturismo y turismo sostenible. Por lo tanto y basándose en el marco conceptual (Interpretación del Patrimonio, Geoturismo, Educación, Lugares de Interés Geomorfológico) propuesto y el análisis de los LIGm del PNPE, el presente trabajo identifica las características geomorfológicas de la zona de estudio y se determinan las oportunidades para las conexiones con los significados de los recursos geomorfológicos para su aprovechamiento didáctico y geoturístico.</subfield>
</datafield>
<datafield tag="024" ind2=" " ind1="8">
<subfield code="a">http://uvadoc.uva.es/handle/10324/6513</subfield>
</datafield>
<datafield tag="024" ind2=" " ind1="8">
<subfield code="a">b1686809</subfield>
</datafield>
<datafield tag="024" ind2=" " ind1="8">
<subfield code="a">10.35376/10324/6513</subfield>
</datafield>
<datafield ind1=" " ind2=" " tag="653">
<subfield code="a">Geomorfología-España-Picos de Europa</subfield>
</datafield>
<datafield ind1=" " ind2=" " tag="653">
<subfield code="a">Recursos naturales-Gestión-España-Picos de Europa</subfield>
</datafield>
<datafield tag="245" ind1="0" ind2="0">
<subfield code="a">La interpretación del patrimonio geomorfológico en los Picos de Europa: una propuesta para su aprovechamiento didáctico y geoturístico</subfield>
</datafield>
</record></metadata></record></GetRecord></OAI-PMH>